Celoslovenský seminár "Lesohospodárske opatrenia v imisnej oblasti Žiar nad Hronom"

Bibliographic Details
Main Author: Sobocký, Emil, 1928-1995 (Author)
Format: Article
Language:Slovak
Subjects:

MARC

LEADER 00000nab a2200000 a 4500
001 vtls000028167
003 SK-MaSNL
005 20260507124613.0
008 250422c1979 xo 0 slo
015 |a SNBRB19rr/mm-uuuuu 
035 |a CL0038261 
035 |a urn:nbn:sk:snk-abt3 
035 |a (urnnbn)urn:nbn:sk:snk:ar-00582g 
035 |a (uuid)37c883b1-5aa1-4659-bc9a-d47bc2bea9b6 
040 |a SNKBUCL  |b slo  |c SNKBUCL  |e AACR2 
041 0 |a slo 
044 |a xo  |c SK 
080 |a 634.0.2  |2 1981 
080 |a 634.0.1  |2 1981 
100 1 |a Sobocký, Emil,  |d 1928-1995  |4 aut  |9 1638408 
245 1 0 |a Celoslovenský seminár "Lesohospodárske opatrenia v imisnej oblasti Žiar nad Hronom"  |c Emil Sobocký 
650 0 7 |a lesy  |2 snkbucl  |9 1437 
650 0 7 |a lesné hospodárstvo  |2 snkbucl  |9 1256 
655 7 |a články z novín a časopisov  |2 snkbucl  |9 267496 
773 0 |t Lesnícky časopis  |g Roč. 25, č. 1 (1979), s. 71-72 
850 |a Slovenská národná knižnica 
852 |a Slovenská národná knižnica 
954 |a odborná, vedecká literatúra pôvodná (slovenská)  |2 lita 
957 |a 5312 
958 |a article2022 
958 |a OND 
958 |a RK 
958 |a EUIPO 
992 |a RBX 
999 |c 2736640  |d 2738570